| 000 | 00864nam a22002057a 4500 | ||
|---|---|---|---|
| 003 | BD-DhUL | ||
| 005 | 20171231091442.0 | ||
| 008 | 171231s1954 ii ||||| |||| 00| 0 ben d | ||
| 040 |
_aBD-DhUL _cBD-DhUL |
||
| 082 |
_a891.443 _bWOT |
||
| 100 | 1 | _aওডহাউস, পি. জি. | |
| 245 | 1 | 0 |
_aথ্যাঙ্ক ইউ জীভস _cপি. জি. ওডহাউস ; অনুবাদ, নৃপেন্দ্রকৃষ্ণ চট্রোপাধ্যায় |
| 250 | _a১ম সং. | ||
| 260 |
_aকলিকাতা : _bনবভারতী, _c১৯৫৪ |
||
| 300 |
_a৩০৩ পৃ. ; _c১৯ সেমি. |
||
| 650 | 4 | _aবাংলা উপন্যাস | |
| 650 | 4 | _aBengali fiction | |
| 700 | 1 |
_aচট্রোপাধ্যায়, নৃপেন্দ্রকৃষ্ণ _eঅনু. |
|
| 942 |
_2ddc _cBK |
||
| 999 |
_c236146 _d236146 |
||